[Event "ch-FRA Women"]
[Site "Vichy FRA"]
[Date "2000.08.26"]
[Round "11"]
[White "Milliet,S"]
[Black "Dubois,M"]
[Result "0-1"]
[WhiteElo "2131"]
[BlackElo "2084"]

1.e4 d5 2.exd5 Qxd5 3.Nc3 Qd6 4.d4 Nf6 5.Nf3 a6 6.Be3 Qb4 7.Qd2 Qxb2 8.Rb1 Qa3
9.Ne5 e6 10.Nc4 Qe7 11.Be2 Nc6 12.Bf3 Nb4 13.O-O Qd8 14.Rfe1 Be7 15.Bg5 Nbd5
16.Nxd5 Nxd5 17.Bxe7 Nxe7 18.Bxb7 Bxb7 19.Rxb7 O-O 20.Qf4 Ng6 21.Qg4 h5 22.Qxh5 Qxd4
23.Rxc7 Nf4 24.Qg4 Rad8 25.Ne3 Qd2 26.Rf1 Ne2+ 27.Kh1 Rd4 28.Qh5 g6 29.Qe5 Rfd8
30.h3 Rf4 31.Ng4 Ng3+ 32.fxg3 Rxf1+ 33.Kh2 Qd4 34.Nh6+ Kf8 35.Qxd4 Rxd4 36.c4 Rd2
37.Rc8+ Kg7 38.g4 Rdd1  0-1

[Event "ch-FRA Haute"]
[Site "Vichy FRA"]
[Date "2000.08.26"]
[Round "11"]
[White "Nataf,IA"]
[Black "Fressinet,L"]
[Result "1/2-1/2"]
[WhiteElo "2526"]
[BlackElo "2536"]

1.e4 d5 2.exd5 Qxd5 3.Nc3 Qd6 4.d4 Nf6 5.Nf3 a6 6.g3 Bg4 7.Bg2 Nc6 8.O-O O-O-O
9.d5 Nb4 10.h3 Bh5 11.Bf4 Qc5 12.Be3 Qa5 13.Qd4 Nxc2 14.Qa7 Bxf3 15.Bxf3 Nxe3
16.Qa8+ Kd7 17.Qxb7 Nxf1 18.Qc6+ Kc8 19.Qa8+ Kd7 20.Qc6+ Kc8 21.Qa8+  1/2-1/2

[Event "Open"]
[Site "Collado Villalba ESP"]
[Date "2000.08.29"]
[Round "7"]
[White "Moreno,J"]
[Black "Candela Perez,J"]
[Result "1-0"]
[WhiteElo "2515"]
[BlackElo "2416"]

1.e4 d5 2.exd5 Qxd5 3.Nc3 Qd8 4.d4 Nf6 5.Nf3 c6 6.Bc4 Bf5 7.Ne5 e6 8.g4 Bg6
9.h4 Bb4 10.a3 Bxc3+ 11.bxc3 Nbd7 12.Nxd7 Nxd7 13.h5 Be4 14.f3 Bd5 15.Bd3 c5
16.c4 Bc6 17.d5 exd5 18.cxd5 Bxd5 19.Bb2 Qe7+ 20.Kf2 O-O-O 21.Bxg7 Rhe8 22.Qd2 Ne5
23.Bxe5 Qxe5 24.Rae1 Qd4+ 25.Kg3 Be6 26.Qf4 Qc3 27.Bxh7 Rd4 28.Re4 Rd2 29.Re3 Qa5
30.h6 Rh8 31.Be4 Qd8 32.Rd3 Rxd3 33.Bxd3 Qd5 34.Rh5 Qc6 35.Qe5 Qe8 36.Qxc5+ Kb8
37.Qe5+ Ka8 38.h7 Qf8 39.Be4 Bc8 40.Qf6 Be6 41.Rg5 Qd6+ 42.Qe5  1-0

[Event "6th WUCC"]
[Site "Golden Sands BUL"]
[Date "2000.09.05"]
[Round "5"]
[White "Lindfeldt,J"]
[Black "Drenchev,P"]
[Result "1-0"]
[WhiteElo "2326"]
[BlackElo "2357"]

1.e4 d5 2.exd5 Qxd5 3.Nc3 Qd6 4.d4 Nf6 5.Bc4 a6 6.Nge2 Qc6 7.Bb3 Qxg2 8.Rg1 Qxh2
9.Bf4 Qh5 10.Qd2 g6 11.O-O-O Qa5 12.Kb1 Nc6 13.d5 Nd8 14.Be5 Bg7 15.Ng3 Ne4
16.Ncxe4 Qxd2 17.Bxg7 Qf4 18.Bxh8 f6 19.Rde1 Nf7 20.Bxf6 Bg4 21.Bd4 O-O-O
22.Be3 Qe5 23.f4 Qh8 24.c3 h5 25.Nf2 Bf3 26.Nge4 h4 27.Ng5 Nxg5 28.Rxg5 h3
29.Rg3 Bg2 30.Bd1 Kb8 31.Bd4 Qh7 32.Bc2 c5 33.Bxc5 Rxd5 34.Bxe7 Rd2 35.Bxg6 Qh6
36.Nxh3 Bxh3 37.f5 Rf2 38.Bg5 Bxf5+ 39.Bxf5 Qh2 40.Rh3 Rxb2+ 41.Kc1 Qf2 42.Rh8+ Kc7
43.Rc8+  1-0

[Event "World Seniors"]
[Site "Rowy POL"]
[Date "2000.09.19"]
[Round "8"]
[White "Shabanov,Y"]
[Black "Zhelesny,S"]
[Result "1-0"]
[WhiteElo "2486"]
[BlackElo "2236"]

1.e4 d5 2.exd5 Qxd5 3.Nc3 Qd8 4.d4 Nf6 5.Bc4 g6 6.Nf3 Bg7 7.O-O O-O 8.h3 Nbd7
9.Re1 c6 10.Bg5 Nb6 11.Bb3 Nbd5 12.Qd2 Be6 13.Ne4 b6 14.Bh6 Bf5 15.Ng3 Bd7
16.Rad1 b5 17.Ne4 a5 18.a3 a4 19.Ba2 Qa5 20.c3 Qc7 21.Nc5 Bc8 22.Ne5 Ne8
23.h4 Nd6 24.Bxg7 Kxg7 25.h5 f6 26.Ned3 gxh5 27.Bxd5 cxd5 28.Nf4 Kh8 29.Nxd5 Qd8
30.Nxe7 Nf5 31.Nxc8 Qxc8 32.Qf4 Ra7 33.Ne6  1-0

[Event "World Seniors"]
[Site "Rowy POL"]
[Date "2000.09.22"]
[Round "10"]
[White "Semasev,K"]
[Black "Zhelesny,S"]
[Result "1-0"]
[WhiteElo "2307"]
[BlackElo "2236"]

1.e4 d5 2.exd5 Qxd5 3.Nc3 Qd8 4.d4 Nf6 5.Bc4 e6 6.Nf3 Be7 7.O-O c6 8.Bg5 Nbd7
9.Qd2 O-O 10.Rfe1 b6 11.Rad1 Bb7 12.Ne5 b5 13.Nxd7 Nxd7 14.Bxe7 Qxe7 15.Bd3 Nf6
16.Ne4 Nxe4 17.Bxe4 a5 18.a3 b4 19.Re3 Rad8 20.axb4 axb4 21.Qe1 Rd7 22.Rb3 c5
23.Bxb7 Rxb7 24.dxc5 Qxc5 25.c3 g6 26.Rxb4 Rxb4 27.cxb4 Qc2 28.Qd2 Qb3 29.Re1 Rc8
30.h3 Rc4 31.Rc1 Qxb4 32.Qd8+ Kg7 33.Rxc4 Qxc4 34.Qd2 Kf6 35.b4 Ke5 36.g3 Qd4
37.Qg5+ f5 38.Qe7 Qd6 39.Qxh7 Qxb4 40.Qxg6 Qb1+ 41.Kh2 Qb6 42.Qg7+ Ke4 43.Kg2 Qc6
44.Qb2 e5 45.Qd2 f4 46.g4 f3+ 47.Kg3 Qb6 48.Qe1+ Kd5 49.Qd1+ Ke6 50.Qxf3 Qb4
51.Qf5+ Kd5 52.h4 Kd4 53.h5 Qc3+ 54.Qf3 Qc7 55.Qd1+ Ke4 56.Qd2  1-0

[Event "V ECC Women"]
[Site "Halle GER"]
[Date "2000.09.27"]
[Round "4"]
[White "Zozulia,A"]
[Black "Chelushkina,I"]
[Result "1/2-1/2"]
[WhiteElo "2371"]
[BlackElo "2415"]

1.e4 d5 2.exd5 Qxd5 3.Nc3 Qd8 4.d4 g6 5.Nf3 Bg7 6.Bc4 Nf6 7.Bf4 O-O 8.Qd2 c6
9.Bb3 a5 10.O-O Na6 11.Rfe1 Nc7 12.Bh6 Nfd5 13.Re4 Ne6 14.Rh4 Bf6 15.Ng5 Bxg5
16.Bxg5 f6 17.Bh6 Rf7 18.Re1 Ng7 19.Bxg7 Rxg7 20.Rhe4 Bf5 21.R4e3 Kf8 22.Bxd5 cxd5
23.Qe2 Qd7 24.Qb5 Qxb5 25.Nxb5 Rc8 26.c3 a4 27.Kf1 h5 28.Ke2 Rc6 29.b4 axb3
30.axb3 Bd7 31.Na3 Rb6 32.c4 Ra6 33.Ra1 e6 34.Nc2 Rxa1 35.Nxa1 Kf7 36.Nc2 Rg8
37.cxd5 exd5 38.Nb4 Bb5+ 39.Kd2 Rd8 40.Rc3 Ke6 41.Rc5 Bf1 42.g3 Rd6 43.Rc8 Kf5
44.f3 g5 45.Nc2 Ke6 46.Ne3 Bb5 47.Rc7 Rb6 48.h4 gxh4 49.gxh4 Be8 50.Kc3 Rc6+
51.Rxc6+ Bxc6 52.Kb4 b6 53.Kc3 Bb5 54.Kd2 Be8 55.Nc2 Bg6 56.Ne3 Bf7 57.Ng2 Kd6
58.Nf4 Kc6 59.Kd3 Kb5 60.Kc3 Ka5 61.Ng2 Kb5 62.Ne3 Be6 63.Nf1 Bf7 64.Ng3 Bg6
65.Ne2 Bf7 66.Nf4 Ka5 67.Nd3 Kb5 68.Kb2 Bg6 69.Nf4 Bf7 70.Ka3 Ka5 71.b4+ Kb5
72.Kb3 Kc6 73.Kc3 Kb5 74.Kb3 Kc6 75.Kc3 Kd6 76.Kd3 Be8 77.Kc3 Bf7 78.Kd3 Kc7
79.Kd2 Kc6 80.Kc3 Kd7 81.Kd2 Kc7 82.Kd3 Kd6 83.Kd2 Kc6 84.Kc3  1/2-1/2

[Event "WJun"]
[Site "Yerevan ARM"]
[Date "2000.09.30"]
[Round "11"]
[White "Haznedaroglu,K"]
[Black "Lopez Martinez,J"]
[Result "0-1"]
[WhiteElo "2249"]
[BlackElo "2477"]

1.e4 d5 2.exd5 Qxd5 3.Nc3 Qd8 4.d4 Nf6 5.Nf3 c6 6.Bc4 Bf5 7.Ne5 e6 8.g4 Bg6
9.h4 Bb4 10.f3 Nd5 11.Bd2 Nb6 12.Ne2 Bxd2+ 13.Qxd2 N8d7 14.Qc3 Nxe5 15.dxe5 Nxc4
16.Qxc4 Qa5+ 17.c3 O-O-O 18.Qf4 h5 19.Nd4 Rd5 20.Kf2 Rxe5 21.b4 Qc7 22.g5 Rd8
23.Rhe1 Red5 24.Qxc7+ Kxc7 25.f4 Rxd4 26.cxd4 Rxd4 27.Kf3 Rxb4 28.Re2 Ra4
29.Rae1 Bf5 30.Rd2 c5 31.Kg3 Ra3+ 32.Kg2 c4 33.Red1 Bd3 34.Rc1 b5 35.Re1 b4
36.Re5 Kc6 37.Kf2 g6 38.Ke3 c3 39.Rd1 c2 40.Rc1 Bf5+ 41.Kd4 Rxa2  0-1

[Event "WJun"]
[Site "Yerevan ARM"]
[Date "2000.10.02"]
[Round "13"]
[White "Fedorchuk,S"]
[Black "Lopez Martinez,J"]
[Result "1-0"]
[WhiteElo "2408"]
[BlackElo "2477"]

1.e4 d5 2.exd5 Qxd5 3.Nc3 Qd8 4.d4 Nf6 5.Nf3 c6 6.Bc4 Bf5 7.Qe2 e6 8.Bg5 Nbd7
9.d5 cxd5 10.Nxd5 Rc8 11.O-O-O a6 12.Nd4 Bg6 13.Nxe6 fxe6 14.Bxf6  1-0

[Event "Tatry Open"]
[Site "Tatranske Zruby SVK"]
[Date "2000.10.08"]
[Round "2"]
[White "Pfeifer,M"]
[Black "Hasangatin,R"]
[Result "0-1"]
[WhiteElo "2180"]
[BlackElo "2480"]

1.e4 d5 2.exd5 Qxd5 3.Nc3 Qd6 4.Nf3 Nf6 5.d4 a6 6.Bc4 Bg4 7.h3 Bh5 8.g4 Bg6
9.Ne5 Nc6 10.Bf4 Qxd4 11.Qxd4 Nxd4 12.O-O-O c5 13.Nd5 Nxd5 14.Bxd5 f6 15.Bxb7 fxe5
16.Bxa8 Ne2+ 17.Kb1 Nxf4 18.Rhe1 e6 19.Bc6+ Kf7 20.Rd8 Ke7 21.Red1 Nd5 22.Ra8 Bxc2+
23.Kxc2 Nb4+ 24.Kc3 Nxc6 25.Rxa6 Nd4 26.a4 g5 27.Kc4 Bg7 28.Ra7+ Kf6 29.Kxc5 Rb8
30.Rb1 Bf8+ 31.Kc4 Rb4+ 32.Kd3 Rb3+ 33.Kc4 Rb4+ 34.Kd3 Nc6 35.Rxh7 Rb3+ 36.Ke4 Nd8
37.h4 Nf7 38.Rxf7+ Kxf7 39.hxg5 Rb4+ 40.Kf3 Rxa4 41.Re1 Rf4+ 42.Kg3 Rb4 43.Re2 Kg6
44.Kh4 Bg7 45.Rc2 Rb6 46.Re2 Rb8 47.f4 exf4 48.Rxe6+ Kf7  0-1

[Event "EuYCh G18"]
[Site "Halkidiki GRE"]
[Date "2000.10.10"]
[Round "9"]
[White "Kosintseva,T"]
[Black "Ismailova,P"]
[Result "1-0"]
[WhiteElo "2203"]
[BlackElo "2108"]

1.e4 d5 2.exd5 Qxd5 3.Nc3 Qd8 4.d4 g6 5.Nf3 Bg7 6.h3 Nf6 7.Be3 a6 8.Qd2 b5
9.O-O-O Nd5 10.Nxd5 Qxd5 11.Kb1 Nd7 12.Be2 Nb6 13.Ne5 Bf5 14.Rhe1 O-O 15.Bf4 Bxe5
16.Bxe5 Nc4 17.Bxc4 Qxc4 18.g4 Bc8 19.Qh6 f6 20.Bxf6 Rf7 21.Rxe7 Rxe7 22.Bxe7 Bxg4
23.hxg4 Qe2 24.Qh1  1-0

[Event "Tatry Open"]
[Site "Tatranske Zruby SVK"]
[Date "2000.10.10"]
[Round "4"]
[White "Mrva,V"]
[Black "Hasangatin,R"]
[Result "0-1"]
[WhiteElo "2240"]
[BlackElo "2480"]

1.e4 d5 2.exd5 Qxd5 3.Nc3 Qd6 4.Bc4 Nf6 5.Qf3 c6 6.d3 Bg4 7.Qf4 Nbd7 8.f3 e5
9.Qg3 Be6 10.Bxe6 Qxe6 11.Qh3 Qxh3 12.Nxh3 Nd5 13.Bd2 N7b6 14.O-O-O f6 15.Rde1 Kf7
16.f4 exf4 17.Nxf4 Nxc3 18.Bxc3 Bd6 19.Bd2 Rhe8 20.g3 Bxf4 21.Bxf4 Nd5 22.Bd2 c5
23.a3 b5 24.b3 c4 25.dxc4 bxc4 26.bxc4 Nb6 27.c5 Nc4 28.a4 Rac8 29.Rxe8 Rxe8
30.Bc3 Rd8 31.Rd1 Rxd1+ 32.Kxd1 Ke6 33.Ke2 Kd5 34.Kd3 Ne5+ 35.Bxe5 fxe5 36.c6 Kxc6
37.Ke4 Kd6 38.h4 h5 39.Kf3 a5 40.g4 Kc5 41.gxh5 Kb4 42.Ke4 Kxa4 43.c4 Kb4
44.Kd5 a4 45.c5 a3 46.c6 a2 47.c7 a1=Q 48.c8=Q Qd1+ 49.Ke6 Qg4+  0-1

[Event "TCh-SVK"]
[Site "SVK"]
[Date "2000.10.22"]
[Round "2"]
[White "Maros,M"]
[Black "Sergeev,Vl"]
[Result "0-1"]
[WhiteElo "2217"]
[BlackElo "2475"]

1.e4 d5 2.exd5 Qxd5 3.Nc3 Qd6 4.d4 Nf6 5.Bc4 a6 6.Bb3 Nc6 7.Nge2 Na5 8.Bf4 Qd7
9.O-O b5 10.Qd3 Bb7 11.Ng3 O-O-O 12.Rad1 e6 13.Nce4 Be7 14.Rfe1 Qc6 15.f3 Nd5
16.Bd2 Nc4 17.Bxc4 bxc4 18.Qe2 h5 19.Ng5 Rdf8 20.c3 h4 21.Nf1 Bxg5 22.Bxg5 h3
23.g3 f6 24.Bc1 Re8 25.Nd2 Nb6 26.Ne4 e5 27.dxe5 Rxe5 28.Qf2 Rhe8 29.Nd2 g5
30.Rxe5 Rxe5 31.Qd4 Qe6 32.g4 Re2 33.Kh1 Rxd2  0-1

[Event "34th Olympiad Women"]
[Site "Istanbul TUR"]
[Date "2000.11.04"]
[Round "7"]
[White "Hlgatian,G"]
[Black "Chelushkina,I"]
[Result "1-0"]
[WhiteElo "2209"]
[BlackElo "2415"]

1.e4 d5 2.exd5 Qxd5 3.Nc3 Qd8 4.d4 Nf6 5.Bg5 c6 6.Qd2 Be6 7.Nf3 Nbd7 8.Be2 h6
9.Bh4 g6 10.a4 Bg7 11.a5 O-O 12.O-O Nd5 13.Nxd5 cxd5 14.Qb4 g5 15.Bg3 f5
16.Be5 Nxe5 17.Nxe5 Qd6 18.Qb3 Rab8 19.Rfe1 b6 20.a6 Rbd8 21.Bb5 Rc8 22.Re2 Rc7
23.Rae1 Bc8 24.c4 e6 25.cxd5 exd5 26.Qa4 Rf6 27.Bd3 Bf8 28.Qb3 Kg7 29.Rc2 Rxc2
30.Qxc2 Be6 31.h3 Qb4 32.Qc7+ Rf7 33.Qc1 Rf6 34.Qc7+ Rf7 35.Qc1 Rf6 36.Nc6 Qa4
37.Nxa7 Qxd4 38.Qc3 Bc5 39.Qxd4 Bxd4 40.Nc6 Bxb2 41.a7 Bc3 42.Re2 Bd2  1-0

[Event "Chigorin Mem"]
[Site "St Petersburg RUS"]
[Date "2000.11.05"]
[Round "5"]
[White "Manakov,I"]
[Black "Ivannikov,V"]
[Result "1/2-1/2"]
[WhiteElo "2303"]
[BlackElo "2420"]

1.e4 d5 2.exd5 Qxd5 3.Nc3 Qd6 4.Nf3 Nf6 5.d4 a6 6.Be2 Nc6 7.O-O Bg4 8.Be3 e6
9.Qd2 Be7 10.h3 Bh5 11.Rfd1 Rd8 12.a3 O-O 13.Bf4 Qd7 14.Ne5 Qe8 15.Nxc6 Qxc6
16.Bxh5 Nxh5 17.Be5 Nf6 18.Qe3 Rd7 19.Rd3 Rfd8 20.Rad1 h6 21.b3 Ne8 22.a4 Bb4
23.Na2  1/2-1/2

[Event "34th Olympiad"]
[Site "Istanbul TUR"]
[Date "2000.11.06"]
[Round "9"]
[White "Cueto,J"]
[Black "Leyva,H"]
[Result "0-1"]
[WhiteElo "2389"]
[BlackElo "2409"]

1.e4 d5 2.exd5 Qxd5 3.Nc3 Qd6 4.d4 a6 5.Bd3 Nf6 6.Nge2 Bg4 7.Bf4 Qd7 8.Qd2 Nc6
9.f3 Bh5 10.O-O-O e6 11.Qe3 Be7 12.Rhe1 O-O-O 13.Be4 Nd5 14.Qf2 g5 15.Bd2 f5
16.Nxd5 exd5 17.Bd3 Nb4 18.Bxb4 Bxb4 19.c3 Bd6 20.h4 h6 21.Rh1 Kb8 22.Kb1 f4
23.hxg5 hxg5 24.g4 fxg3 25.Nxg3 Bf7 26.Nf5 Bg6 27.Qc2 Rxh1 28.Rxh1 Bf4 29.Re1 Qh7
30.Rd1 Rh8 31.a3 Qd7 32.Ka2 Rh2 33.Qb1 Qa4 34.Ng7 Bd6  0-1

[Event "Chigorin Mem"]
[Site "St Petersburg RUS"]
[Date "2000.11.10"]
[Round "9"]
[White "Matjushin,G"]
[Black "Ivannikov,V"]
[Result "1-0"]
[WhiteElo "2302"]
[BlackElo "2420"]

1.e4 d5 2.exd5 Qxd5 3.Nc3 Qd6 4.d4 Nf6 5.Nf3 a6 6.Be3 Nc6 7.Qd2 Bg4 8.Ng5 e6
9.f3 Bf5 10.Nge4 Qd7 11.Nxf6+ gxf6 12.Ne4 Be7 13.O-O-O O-O-O 14.a3 Bg6 15.Bc4 f5
16.Nc3 Bf6 17.d5 Ne5 18.Bb3 Qe7 19.Qf2 Nd7 20.dxe6 fxe6 21.Ne2 Rhe8 22.Nf4 Bf7
23.Rhe1 Qf8 24.Kb1 Qg7 25.Bc1 Qg8 26.Re2 Nb6 27.Rxd8+ Bxd8 28.Qg3 Qxg3 29.hxg3 Kd7
30.Nd3 Nd5 31.c4 Nf6 32.c5 Nd5 33.c6+ bxc6 34.Ne5+ Ke7 35.Nxc6+ Kd6 36.Bxd5 exd5
37.Rxe8 Bxe8 38.Nxd8 c5 39.Bf4+ Kd7 40.Nb7 Kc6 41.Na5+ Kb5 42.Nb3 Kc4 43.Nc1 Ba4
44.Bd6 Bd1 45.b3+ Kd4 46.Kb2 a5 47.Na2 Be2 48.Kc2 Bf1 49.Bf8 Bxg2 50.Kd2 c4
51.Bg7+ Kc5 52.b4+ axb4 53.axb4+ Kb5 54.Ke3 Ka4 55.Kf2 Bh1 56.Bd4 h5 57.Bc5 Kb3
58.b5 Kxa2 59.b6 c3 60.b7 c2  1-0

[Event "72nd ch-GER"]
[Site "Seebad Heringsdorf GER"]
[Date "2000.11.18"]
[Round "2"]
[White "Zeller,F"]
[Black "Slobodjan,R"]
[Result "1/2-1/2"]
[WhiteElo "2434"]
[BlackElo "2539"]

1.e4 d5 2.exd5 Qxd5 3.Nc3 Qd6 4.d4 Nf6 5.Bc4 a6 6.Nge2 b5 7.Bf4 Qd8 8.Bb3 Bb7
9.O-O Nbd7 10.a4 b4 11.Na2 e6 12.Qd2 a5 13.c3 bxc3 14.Nexc3 Nb6 15.Rac1 Bd6
16.Nb5 Nbd5 17.Be5 O-O 18.Rfe1 h6 19.Bc2 Qe7 20.Bb1 Rfd8 21.Qc2 Kf8 22.Qb3 Ng4
23.Bg3 Rab8 24.h3 Ngf6 25.Be5 Nd7 26.Bxd6 cxd6 27.Qg3 N7f6 28.Nac3 Ba6 29.Bd3 Nb4
30.Bf1 Rbc8 31.Qf3 Bb7 32.Qf4 Qd7 33.Qd2 Bc6 34.Re3 Qe7 35.Rce1 Ba8 36.Rg3 Nh5
37.Rge3 Qg5 38.Kh2 Nf6 39.Qd1 Nbd5 40.Rg3 Qf4 41.Kg1 Nb4 42.Qb1 Kg8 43.Rge3 Qg5
44.Rg3 Qh4 45.Qd1 Qf4 46.Qb1 Nbd5 47.Qd1 Nb4 48.Qb1 h5 49.Qc1 Qxc1 50.Rxc1 Nfd5
51.Na7 Rc7 52.Nab5 Rcc8 53.Na7 Rc7  1/2-1/2

[Event "Czech Extra League 2000-1"]
[Site "CZE"]
[Date "2000.11.19"]
[Round "2"]
[White "Rasik,V"]
[Black "Klima,L"]
[Result "1-0"]
[WhiteElo "2423"]
[BlackElo "2276"]

1.e4 d5 2.exd5 Qxd5 3.Nc3 Qd6 4.d4 Nf6 5.Bc4 Bg4 6.f3 Bf5 7.Nge2 e6 8.O-O c6
9.Ng3 Bg6 10.Nce4 Qd8 11.c3 Nbd7 12.Qe2 Nxe4 13.fxe4 Be7 14.Nh5 O-O 15.Nf4 e5
16.Nxg6 hxg6 17.Be3 Bf6 18.Rad1 Qe7 19.Qg4 b5 20.Bb3 c5 21.dxc5 Nxc5 22.Bd5 Rad8
23.Rd2 Na4 24.Rdf2 Nb6 25.Bxb6 axb6 26.Kh1 b4 27.Rxf6 Rxd5 28.Rxb6 Ra5 29.Rxb4 Rxa2
30.Qd1 Rd8 31.Qb3 Ra7 32.Rb8 Rxb8 33.Qxb8+ Kh7 34.Qb3 Rd7 35.Qc2 Qg5 36.Rf2 Ra7
37.g3 f6 38.Kg2 Qg4 39.b4 Ra1 40.b5 Re1 41.b6 Qc8 42.Rf1 Rxf1 43.Kxf1 Qa6+
44.c4 Qxb6 45.c5 Qc6 46.Qc4 f5 47.Ke2 fxe4 48.Ke3 Kh6 49.Qc3 Qf6 50.Kxe4 Qf5+
51.Ke3 Qg5+ 52.Ke2 Qh5+ 53.Ke1 Qxh2 54.Qd2+  1-0

[Event "72nd ch-GER"]
[Site "Seebad Heringsdorf GER"]
[Date "2000.11.24"]
[Round "8"]
[White "Senff,M"]
[Black "Heinzel,O"]
[Result "1/2-1/2"]
[WhiteElo "2354"]
[BlackElo "2389"]

1.e4 d5 2.exd5 Qxd5 3.Nc3 Qd6 4.d4 Nf6 5.Nf3 a6 6.Be3 b5 7.Bd3 Bb7 8.Qe2 Nbd7
9.O-O e6 10.Ng5 c5 11.Nce4 Qc6 12.dxc5 h6 13.Nxf6+ Nxf6 14.Nf3 Bxc5 15.Bxc5 Qxc5
16.a4 O-O 17.axb5 axb5 18.Rxa8 Bxa8 19.Ra1 b4 20.Qe5 Bd5 21.Qd4 Nd7  1/2-1/2

[Event "Mitropa Team Cup"]
[Site "Charleville FRA"]
[Date "2000.12.01"]
[Round "7"]
[White "Belotti,B"]
[Black "Balinov,I"]
[Result "1-0"]
[WhiteElo "2417"]
[BlackElo "2453"]

1.e4 d5 2.exd5 Qxd5 3.Nc3 Qd6 4.d4 Nf6 5.Nf3 a6 6.Bc4 e6 7.O-O Be7 8.Re1 b5
9.Bb3 b4 10.Ne2 Nbd7 11.Nf4 Nb6 12.Ne5 O-O 13.c4 c5 14.dxc5 Qxd1 15.Bxd1 Bxc5
16.Bf3 Ra7 17.Nfd3 Nbd7 18.Nc6 Rb7 19.Bd2 Rb6 20.Nxc5 Nxc5 21.Bxb4 Nd3 22.Bxf8 Nxe1
23.Rxe1 Kxf8 24.Rd1 Rxb2 25.Rd8+ Ne8 26.h3 Bb7 27.Rb8 Rb6 28.Ne5 Rb1+ 29.Kh2 f6
30.Nd3 Bxf3 31.Rxb1 Be4 32.Rd1 Ke7 33.Nc5 Bc6 34.Nxa6 Nd6 35.Rc1 e5 36.Nb4 Ba4
37.Nd5+ Ke6 38.Nb6 Bc6 39.a4 Ne4 40.a5 Nc5 41.Rd1 h5 42.Nd5 Bb7 43.Rb1 Ba6
44.Nc7+  1-0

[Event "Open"]
[Site "Milan ITA"]
[Date "2000.12.06"]
[Round "5"]
[White "Facchetti,G"]
[Black "Laketic,G"]
[Result "0-1"]
[WhiteElo "2154"]
[BlackElo "2483"]

1.e4 d5 2.exd5 Qxd5 3.Nc3 Qd8 4.Bc4 Nf6 5.d3 c6 6.a4 a5 7.Nge2 Bg4 8.O-O e6
9.Bf4 Be7 10.h3 Bxe2 11.Qxe2 Nbd7 12.Ne4 Nb6 13.Bb3 Nbd5 14.Be5 O-O 15.Rad1 Nd7
16.d4 Qb6 17.Qg4 N5f6 18.Qg3 g6 19.Qh4 Nxe4 20.Qxe4 Nxe5 21.Qxe5 Rad8 22.Rd3 Rd6
23.Rfd1 Rfd8 24.d5 cxd5 25.Bxd5 Qc5 26.c4 Bf8 27.Qf4 exd5  0-1

[Event "Bundesliga 2000-1"]
[Site "Mainz GER"]
[Date "2000.12.09"]
[Round "3"]
[White "Gallagher,Jo"]
[Black "Cicak,S"]
[Result "1/2-1/2"]
[WhiteElo "2514"]
[BlackElo "2543"]

1.e4 d5 2.exd5 Qxd5 3.Nc3 Qd6 4.d4 c6 5.Nf3 Bg4 6.Be2 Nf6 7.h3 Bxf3 8.Bxf3 e6
9.O-O Nbd7 10.Re1 O-O-O 11.Be3 Qc7 12.Qe2 Bd6 13.Qc4 Nb6 14.Qb3 Bh2+ 15.Kh1 Bf4
16.Ne4 Nxe4 17.Bxe4 g5 18.a4 Nd7 19.a5 a6 20.Ra4 Nf6 21.Bf3 h5 22.Bxf4 Qxf4
23.Qe3 Qxe3 24.Rxe3 Rd6 25.Kg1 g4 26.Be2 Rhd8 27.hxg4 hxg4 28.c3 Nd5 29.Re4 f5
30.Re5 Nf6 31.Bc4 Re8 32.Ra1 Kd7 33.Rae1 Ne4 34.Bd3 Ng5 35.Bxf5 g3 36.fxg3 Rg8
37.Bc2 Nf7 38.R5e3 Rg5 39.Bb3 Nd8 40.Ra1 Rb5 41.Ra3 Kc7 42.Re2 Rg5 43.Ra1 Rxg3
44.Rae1 Rg5 45.Re5 Rg6 46.R1e3 Kd7 47.Rh5 Nf7 48.Rh7 Ke7 49.Bd1 Rh6 50.Rxh6 Nxh6
51.Rh3 Nf7 52.Rh7 Kf6 53.Bh5 Nd8 54.b4 e5 55.Rh6+ Ke7 56.Rxd6 Kxd6 57.dxe5+ Kxe5
58.Bf3 Kf4 59.Kf2 Nf7 60.g3+ Ke5 61.Ke3 Nd6 62.Kd3 Nf5 63.g4 Nd6 64.Be2 Kd5
65.g5 Nf7  1/2-1/2

[Event "TCh-YUG Women"]
[Site "Kragujevac YUG"]
[Date "2000.12.12"]
[Round "2"]
[White "Stojanovic,Ma"]
[Black "Stoisavljevic,S"]
[Result "1/2-1/2"]
[WhiteElo "2312"]
[BlackElo "2083"]

1.e4 d5 2.exd5 Qxd5 3.Nc3 Qd6 4.Nf3 Nf6 5.d3 Bg4 6.h3 Bh5 7.g4 Bg6 8.Bg2 c6
9.Qe2 Nbd7 10.Be3 Nd5 11.Nxd5 cxd5 12.Bd4 f6 13.c4 e5 14.cxd5 Be7 15.Bc3 Qxd5
16.Rd1 Qxa2  1/2-1/2

[Event "TCh-YUG Women"]
[Site "Kragujevac YUG"]
[Date "2000.12.17"]
[Round "7"]
[White "Nikolin,Zo"]
[Black "Chelushkina,I"]
[Result "0-1"]
[WhiteElo "2153"]
[BlackElo "2415"]

1.e4 d5 2.exd5 Qxd5 3.Nc3 Qd8 4.d4 Nf6 5.Bc4 Bg4 6.f3 Bd7 7.Nge2 e6 8.Bg5 Be7
9.Qd2 c6 10.Bb3 a5 11.a3 Na6 12.O-O O-O 13.Rad1 b5 14.Kh1 Nc7 15.Bxf6 Bxf6
16.Ne4 Nd5 17.Nf4 Be7 18.Nd3 Qb8 19.c3 Ra7 20.f4 Rd8 21.Qe2 Be8 22.Bc2 g6
23.Ne5 Bf8 24.h4 Qc7 25.h5 f6 26.Nd3 Bg7 27.Nec5 Bf7 28.hxg6 hxg6 29.Rde1 Re8
30.Qf2 b4 31.axb4 axb4 32.c4 Nb6 33.Nxb4 f5 34.Nbd3 Nxc4 35.Bb3 Qd6 36.Bxc4 Bxd4
37.Qe2 Bxc5 38.Nxc5 Qxc5 39.Qe3 Ra5 40.Qxc5 Rxc5 41.b3 e5 42.Bxf7+ Kxf7 43.Rxe5 Rexe5
44.fxe5 Rxe5 45.Rc1 Re6 46.Kg1 Ke7 47.Kf2 Kd6 48.Rc3 Kd5 49.Kf3 Re4 50.Kf2 c5
51.Rg3 Rf4+ 52.Ke3 Rb4 53.Kf2 Kd4 54.Rxg6 Rxb3 55.Rd6+ Ke4 56.Rc6 Rb2+ 57.Kf1 Rc2
58.Re6+ Kd5 59.Rf6 Ke5 60.Ra6 c4 61.g3 Ke4 62.Ra5 Rh2 63.Rc5 Kd4 64.Rxf5 c3
65.Rf8 c2  0-1

[Event "TCh-YUG Women"]
[Site "Kragujevac YUG"]
[Date "2000.12.19"]
[Round "9"]
[White "Milovanov,O"]
[Black "Chelushkina,I"]
[Result "0-1"]
[WhiteElo "2089"]
[BlackElo "2415"]

1.e4 d5 2.exd5 Qxd5 3.Nc3 Qd8 4.d4 Nf6 5.Bf4 c6 6.Qd2 Bf5 7.Bc4 e6 8.Nge2 Nbd7
9.O-O-O b5 10.Bd3 Bxd3 11.Qxd3 Be7 12.Kb1 Nb6 13.Ng3 O-O 14.Rhe1 Nc4 15.Nge4 Nd5
16.Nxd5 cxd5 17.Nd2 a5 18.Nf3 a4 19.Ne5 a3 20.Nc6 Qe8 21.Nxe7+ Qxe7 22.b3 Nb2
23.Qxb5 Nxd1 24.Rxd1 Rfc8 25.Qe2 Qf6 26.Qe5 Qg6 27.Rd3 Qxg2 28.Qe1 Qg6 29.Be5 f6
30.Bd6 Qf5 31.Rd2 Rc6 32.Bb4 h5 33.Qc1 h4 34.Bxa3 Rca6 35.Bb2 Rxa2 36.Qe1 R2a6
37.Qe2 Rc6 38.Qd3 Qxd3 39.Rxd3 g5 40.c3 Kf7 41.Kc2 Kg6 42.f3 h3 43.Rd1 Kf5
44.Rg1 e5 45.dxe5 fxe5 46.Rg3 Rh8 47.Bc1 Rg6 48.b4 g4 49.fxg4+ Rxg4 50.Rxg4 Kxg4
51.Bd2 Kf3 52.Be1 e4 53.Bg3 Rg8 54.Be5 Rg2+ 55.Kd1 e3 56.b5 Rg1+ 57.Kc2 e2  0-1

[Event "IM Closed"]
[Site "Martinenc ESP"]
[Date "2001.01.11"]
[Round "4"]
[White "Torrecillas Martinez,A"]
[Black "Narciso Dublan,M"]
[Result "1/2-1/2"]
[WhiteElo "2379"]
[BlackElo "2507"]

1.e4 d5 2.exd5 Qxd5 3.Nc3 Qd6 4.d4 Nf6 5.Nf3 a6 6.h3 Nc6 7.Bd3 Nb4 8.Bc4 Be6
9.Bxe6 Qxe6+ 10.Be3 Nfd5 11.Nxd5 Nxd5 12.Qd2 g6 13.O-O Nxe3 14.fxe3 Bh6 15.Rfe1 Qe4
16.Qc3 O-O 17.Nd2 Qe6 18.Qd3 Rad8 19.Nf3 c5 20.c3 Bg7 21.a3 Rd7 22.Re2 Rc8
23.Kh1 h6 24.Rae1 Qc6 25.Qb1 a5 26.dxc5 Qxc5 27.e4 b5 28.e5 e6 29.Rd1 Rcd8
30.Rxd7 Rxd7 31.Qe1 Kh7 32.Re4 Rd5 33.Qe2 Qc7 34.Qe1 Bf8 35.Rd4 Rxd4 36.Nxd4 Qc4
37.Qf2 Kg8 38.Nf3 Qd3 39.Kh2 Qe4 40.Qd2 Kg7 41.Kg3 g5 42.Qd4 Qc2 43.Qf2 Qc1
44.Kh2 Qf4+ 45.Kh1 h5 46.Qd4 Qf5 47.Qe3 Be7 48.b4 axb4 49.axb4 g4 50.Nd4 Qf1+
51.Kh2 Bh4 52.hxg4 hxg4 53.Ne2 Qf5 54.g3 Bg5 55.Nf4 Qc2+ 56.Kg1 Qd1+ 57.Kg2 Qc2+
58.Kg1 Kh6 59.Kh1 Qb1+ 60.Kg2 Qc2+ 61.Kg1 Qd1+ 62.Kg2 Qc2+ 63.Kg1 Qd1+ 64.Kg2 Qc2+  1/2-1/2

[Event "IM Closed"]
[Site "Martinenc ESP"]
[Date "2001.01.18"]
[Round "11"]
[White "Ferron Garcia,C"]
[Black "Fluvia Poyatos,J"]
[Result "1/2-1/2"]
[WhiteElo "2286"]
[BlackElo "2421"]

1.e4 d5 2.exd5 Qxd5 3.Nc3 Qd6 4.d4 Nf6 5.Nf3 a6 6.Be3 Nc6 7.Qd2 Bf5 8.Bd3 Bxd3
9.Qxd3 e6 10.O-O-O O-O-O 11.Kb1 h6 12.Rhe1 g6 13.Qd2 Bg7 14.Bf4 Qd7 15.Ne5 Nxe5
16.Bxe5 Nh5 17.Bxg7 Nxg7 18.Qf4 h5 19.d5 Rhe8 20.Qd4 e5 21.Rxe5 Rxe5 22.Qxe5 Nf5
23.Re1 b6 24.h3 Nd6 25.Qe2 Kb7 26.Qf3 Ka7 27.a3 Nc4 28.Qf4 Nd6 29.g4 hxg4
30.hxg4 Kb7 31.f3 Nb5 32.Nxb5 axb5 33.Rd1 Qe7 34.Rd3 Rd6 35.Qe4 Qd7 36.Qe5 f6
37.Qe4 f5 38.gxf5 gxf5 39.Qe5 Qf7 40.b3 Qd7 41.Kb2 Ka7 42.Rd4 Kb7 43.Kc1 Qf7
44.Kb2 Qd7 45.f4 Qf7 46.Rd3 Qd7 47.Qd4 Qf7 48.Rd1 Qd7 49.a4 b4 50.Qd2 Qg7+
51.Kb1 Qf7 52.Qg2 Ka7 53.Qf3 Kb8 54.Rd3 Ka7 55.Qd1 Qd7 56.Qd2 Kb7 57.Rd4 Ka7
58.Qd3 Qf7 59.Qc4 Qg7 60.Rd3 Rh6 61.Rd1 Qe7 62.Qd3 Qd7 63.Qb5 Qd6 64.a5 Qxf4
65.axb6+ Rxb6 66.Qd7 Kb7 67.d6 Rxd6 68.Rxd6 Qxd6 69.Qxf5 Qd1+ 70.Kb2 Qd4+
71.Kc1 Kb6 72.Qe6+ c6 73.Qg6 Qe3+ 74.Kb1 Qe5 75.Qg8 c5 76.Qd8+ Kc6 77.Qa8+ Kd7
78.Qb7+ Ke6 79.Qc6+ Kf5 80.Qd7+ Kf4 81.Qd3 Qd4 82.Qf1+ Ke4 83.Qg2+ Kf4  1/2-1/2

[Event "ch-POL Boys U16"]
[Site "Zakopane POL"]
[Date "2001.01.19"]
[Round "4"]
[White "Klimaszewski,D2"]
[Black "Sypnicki,D"]
[Result "0-1"]
[WhiteElo "2168"]
[BlackElo "2162"]

1.e4 d5 2.exd5 Qxd5 3.Nc3 Qd6 4.d4 Nf6 5.Nf3 a6 6.Be2 Bf5 7.O-O Nc6 8.a3 O-O-O
9.Be3 Bg4 10.Ng5 Be6 11.Nxe6 Qxe6 12.Bf3 Qd7 13.Qe2 e6 14.Rfd1 Bd6 15.b4 Nd5
16.Nxd5 exd5 17.b5 axb5 18.Qxb5 Ne7 19.Qb3 c6 20.c4 Qc7 21.g3 dxc4 22.Qxc4 h5
23.Qxf7 h4 24.Kg2 Rdf8 25.Bg4+ Kb8 26.Qe6 hxg3 27.hxg3 Nd5 28.Bg5 Nf6 29.Bxf6 Rxf6
30.Qd7 Qa5 31.Qxg7 Qd5+ 32.f3 Rfh6 33.Rd3 R8h7  0-1

[Event "Open"]
[Site "Ubeda ESP"]
[Date "2001.01.24"]
[Round "4"]
[White "Tseitlin,Ma"]
[Black "Candela Perez,J"]
[Result "1-0"]
[WhiteElo "2494"]
[BlackElo "2411"]

1.e4 d5 2.exd5 Qxd5 3.Nc3 Qd8 4.d4 Nf6 5.Bg5 Bg4 6.Be2 Bxe2 7.Qxe2 c6 8.O-O-O Nd5
9.Ne4 Qc7 10.c4 h6 11.Bd2 Nf4 12.Qe3 g5 13.g3 Ne6 14.Bc3 Bg7 15.d5 cxd5 16.cxd5 f5
17.dxe6 fxe4 18.Qxe4 O-O 19.Ne2 Qc6 20.Qg6  1-0